French Numbers 1-30 - Statistics

General Stats
  • This quiz has been taken 308 times
  • The average score is 22 of 30
Answer Stats
Hint Answer % Correct
1 un
98%
2 deux
90%
3 trois
88%
5 cinq
86%
10 dix
85%
9 neuf
85%
4 quatre
85%
7 sept
85%
6 six
83%
8 huit
81%
11 onze
81%
12 douze
78%
18 dix-huit
76%
19 dix-neuf
76%
17 dix-sept
73%
20 vingt
73%
13 treize
69%
14 quatorze
68%
16 seize
64%
15 quinze
63%
21 vingt-et-un
63%
22 vingt-deux
59%
25 vingt-cinq
58%
23 vingt-trois
58%
29 vingt-neuf
56%
24 vingt-quatre
56%
26 vingt-six
56%
28 vingt-huit
54%
27 vingt-sept
54%
30 trente
51%
No matching quizzes found
Score Distribution
Percent of People with Each Score
Percentile by Number Answered
Your Score History
You have not taken this quiz